How people worship / (Record no. 193674)
[ view plain ]
| 000 -LEADER | |
|---|---|
| fixed length control field | 01026 a2200265 4500 |
| 003 - CONTROL NUMBER IDENTIFIER | |
| control field | Nust |
| 005 - DATE AND TIME OF LATEST TRANSACTION | |
| control field | 20221205113605.0 |
| 010 ## - LIBRARY OF CONGRESS CONTROL NUMBER | |
| LC control number | 90023939 |
| 020 ## - INTERNATIONAL STANDARD BOOK NUMBER | |
| International Standard Book Number | 0836800478 |
| 040 ## - CATALOGING SOURCE | |
| Transcribing agency | Nust |
| 082 00 - DEWEY DECIMAL CLASSIFICATION NUMBER | |
| Classification number | 291,BRO |
| 100 1# - MAIN ENTRY--PERSONAL NAME | |
| Personal name | Brown, Julie, |
| 9 (RLIN) | 104099 |
| 245 10 - TITLE STATEMENT | |
| Title | How people worship / |
| Statement of responsibility, etc. | Julie Brown, Robert Brown. |
| 250 ## - EDITION STATEMENT | |
| Edition statement | North American ed. |
| 260 ## - PUBLICATION, DISTRIBUTION, ETC. | |
| Place of publication, distribution, etc. | Milwaukee : |
| Name of publisher, distributor, etc. | Gareth Stevens Children's Books, |
| Date of publication, distribution, etc. | 1992. |
| 300 ## - PHYSICAL DESCRIPTION | |
| Extent | 64 p. : |
| Other physical details | ill. (some col.) ; |
| Dimensions | 26 cm. |
| 440 #0 - SERIES STATEMENT/ADDED ENTRY--TITLE | |
| Title | My first reference library |
| 9 (RLIN) | 100150 |
| 505 ## - FORMATTED CONTENTS NOTE | |
| Formatted contents note | About Religion (Page-4), Ancient Religions (Page-12), Tribal Religions (Page-18), Far East Religions (Page-22), Religions From India (Page-28), Judaism (Page-34), Christianity (Page-40), Islam (Page-48), Religions Today (Page-54). |
| 650 #0 - SUBJECT ADDED ENTRY--TOPICAL TERM | |
| Topical term or geographic name entry element | Religions |
| General subdivision | Juvenile literature. |
| 9 (RLIN) | 104100 |
| 650 #0 - SUBJECT ADDED ENTRY--TOPICAL TERM | |
| Topical term or geographic name entry element | Religions. |
| 9 (RLIN) | 104092 |
| 650 #0 - SUBJECT ADDED ENTRY--TOPICAL TERM | |
| Topical term or geographic name entry element | Worship |
| General subdivision | Juvenile literature. |
| 9 (RLIN) | 104101 |
| 700 1# - ADDED ENTRY--PERSONAL NAME | |
| Personal name | Brittney, Lynn. |
| 9 (RLIN) | 104102 |
| 700 1# - ADDED ENTRY--PERSONAL NAME | |
| Personal name | Brown, Robert, |
| Dates associated with a name | 1961- |
| 9 (RLIN) | 104103 |
| 942 ## - ADDED ENTRY ELEMENTS (KOHA) | |
| Source of classification or shelving scheme | |
| Koha item type | Book |
| Call number prefix | 291,BRO |
| Withdrawn status | Lost status | Source of classification or shelving scheme | Damaged status | Not for loan | Permanent Location | Current Location | Shelving location | Date acquired | Full call number | Barcode | Date last seen | Price effective from | Koha item type | Public note |
|---|---|---|---|---|---|---|---|---|---|---|---|---|---|---|
| Military College of Signals (MCS) | Military College of Signals (MCS) | General Stacks | 12/12/2016 | 291,BRO | MCS2050 | 12/08/2016 | 12/12/2016 | Book | Almirah No.46, Shelf No.6 |
